[Event "Heraklion op 19th"]
[Site "Heraklion"]
[Date "2017.01.09"]
[Round "9"]
[White "Konstantinomanolakis, Stavros"]
[Black "Kolomvakis, Stelios"]
[Result "0-1"]
[WhiteElo "1518"]
[BlackElo "1882"]
[PlyCount "80"]
[EventDate "2017.01.02"]
[EventType "swiss"]
[EventRounds "9"]
[EventCountry "GRE"]
[SourceTitle "CBM 176 Extra"]
[Source "ChessBase"]
[SourceDate "2017.03.02"]
[SourceVersion "1"]
[SourceVersionDate "2017.03.02"]
[SourceQuality "1"]

1. d4 d5 2. c4 c6 3. Nf3 e6 4. Nc3 Nf6 5. Bg5 Nbd7 6. e3 Bb4 7. Qc2 Qa5 8. Nd2 dxc4 9. Bxf6 Nxf6 10. Bxc4 0-0 11. 0-0 e5 12. dxe5 Qxe5 13. Nf3 Qh5 14. Ne4 Qh6 15. Neg5 Bd6 16. Rfd1 Bxh2+ 17. Kf1 Bg4 18. Rd4 Bc7 19. Rad1 Qh5 20. Bxf7+ Rxf7 21. Nxf7 Bxf3 22. Nh6+ Qxh6 23. gxf3 Kh8 24. Qc4 Re8 25. Qf7 Bb6 26. Rd7 Rg8 27. Rxb7 Nd5 28. Rd3 Qh1+ 29. Ke2 Qb1 30. Rd2 Qxa2 31. e4 Qa6+ 32. Ke1 Nb4 33. Rbd7 Qa1+ 34. Ke2 Qc1 35. Qf4 Qc4+ 36. Ke1 Nc2+ 37. Kd1 Nd4 38. Qe3 Qa4+ 39. Ke1 Qa1+ 40. Rd1 Ba5+ 0-1

[Event "Heraklion op 17th"]
[Site "Heraklion"]
[Date "2016.05.03"]
[Round "2"]
[White "Enchev, Ivajlo"]
[Black "Kolomvakis, Stelios"]
[Result "1-0"]
[WhiteElo "2456"]
[BlackElo "1913"]
[PlyCount "63"]
[EventDate "2016.05.02"]
[EventType "swiss"]
[EventRounds "9"]
[EventCountry "GRE"]
[SourceTitle "CBM 172 Extra"]
[Source "ChessBase"]
[SourceDate "2016.06.21"]
[SourceVersion "1"]
[SourceVersionDate "2016.06.21"]
[SourceQuality "1"]

1. Nf3 g6 2. c4 Bg7 3. Nc3 c5 4. g3 Nc6 5. Bg2 e6 6. d4 cxd4 7. Nb5 d6 8. Nfxd4 Nxd4 9. Nxd4 a6 10. 0-0 Ne7 11. b3 0-0 12. Qd2 Qb6 13. Rd1 Rd8 14. Ba3 Bd7 15. Rac1 Be8 16. Nc2 Bc6 17. e4 Rd7 18. Ne3 Rad8 19. Bb4 Qa7 20. Bc3 b6 21. Ng4 e5 22. Qg5 Bxe4 23. Bxe4 f5 24. Bf3 fxg4 25. Bxg4 Nf5 26. Bxf5 gxf5 27. Qxf5 Rf7 28. Qe6 b5 29. Be1 bxc4 30. Rxc4 Rdf8 31. Rxd6 Kh8 32. Rd2 1-0

[Event "Heraklion op 16th"]
[Site "Heraklion"]
[Date "2016.01.04"]
[Round "3.6"]
[White "Kolomvakis, Stelios"]
[Black "Rajkovic, Dusan"]
[Result "0-1"]
[WhiteElo "1887"]
[BlackElo "2369"]
[PlyCount "150"]
[EventDate "2016.01.03"]
[EventType "swiss"]
[EventRounds "9"]
[EventCountry "GRE"]
[SourceTitle "EXT 2024"]
[Source "ChessBase"]
[SourceDate "2023.10.10"]
[SourceVersion "1"]
[SourceVersionDate "2023.10.10"]
[SourceQuality "1"]

1. d4 Nf6 2. c4 e6 3. Nc3 Bb4 4. Qc2 c5 5. dxc5 Qc7 6. Nf3 Bxc5 7. e3 a6 8. a3 b6 9. Be2 Bb7 10. h3 Be7 11. 0-0 d6 12. Rd1 Nbd7 13. Bd2 Rc8 14. Rac1 0-0 15. Qb1 Qb8 16. Be1 Qa8 17. b3 Rfd8 18. Qb2 h6 19. Qa2 Nc5 20. b4 Ncd7 21. Nb1 Rc7 22. Nbd2 Rdc8 23. Qa1 Bc6 24. a4 a5 25. bxa5 Qxa5 26. Ne4 Qxa4 27. Nxd6 Ra8 28. Nb5 Rcc8 29. Nfd4 Qxa1 30. Rxa1 Bb7 31. Nb3 Nc5 32. Nxc5 Bxc5 33. Bc3 Ne4 34. Bb2 Rd8 35. Be5 f6 36. Bb2 Rxa1 37. Bxa1 Rxd1+ 38. Bxd1 Nd2 39. Be2 Kf8 40. Bc3 Ne4 41. Bf3 Ke7 42. Bb2 Kd7 43. Bc1 Bb4 44. Bb2 Nc5 45. Bxb7 Nxb7 46. Bd4 Bc5 47. Bxc5 Nxc5 48. Kf1 Na4 49. Ke2 Nb2 50. Na3 Kc6 51. Kd2 Kc5 52. Kc3 Nd1+ 53. Kb3 Nxf2 54. Nb5 g6 55. Nc3 f5 56. Ne2 e5 57. Nc3 g5 58. Na4+ Kd6 59. Nxb6 Nd1 60. Nd5 Kc5 61. Kc2 Kxc4 62. Nb6+ Kb5 63. Nd7 Nxe3+ 64. Kd2 Nc4+ 65. Ke2 Kc6 66. Nf6 Nd6 67. Ng8 h5 68. Nf6 h4 69. Nh7 Ne4 70. Nf8 Kd6 71. Ng6 Ke6 72. Nf8+ Ke7 73. Ng6+ Kf6 74. Nf8 Nc5 75. Nh7+ Kg6 0-1

[Event "Heraklion op 16th"]
[Site "Heraklion"]
[Date "2016.01.04"]
[Round "2.20"]
[White "Koutsourakis, Ioannis"]
[Black "Kolomvakis, Stelios"]
[Result "0-1"]
[WhiteElo "1371"]
[BlackElo "1887"]
[PlyCount "22"]
[EventDate "2016.01.03"]
[EventType "swiss"]
[EventRounds "9"]
[EventCountry "GRE"]
[SourceTitle "EXT 2024"]
[Source "ChessBase"]
[SourceDate "2023.10.10"]
[SourceVersion "1"]
[SourceVersionDate "2023.10.10"]
[SourceQuality "1"]

1. d4 d5 2. c4 c6 3. Nc3 Nf6 4. e3 e6 5. Bd3 Be7 6. Nf3 0-0 7. Qc2 Nbd7 8. 0-0 b6 9. Bd2 Bb7 10. h3 Rc8 11. a3 c5 0-1

[Event "Heraklion Gazi op 11th"]
[Site "Heraklion"]
[Date "2015.07.29"]
[Round "6"]
[White "Kolomvakis, Stelios"]
[Black "Anagnostopoulos, Konstantinos"]
[Result "0-1"]
[WhiteElo "1819"]
[BlackElo "2117"]
[PlyCount "78"]
[EventDate "2015.07.25"]
[EventType "swiss"]
[EventRounds "9"]
[EventCountry "GRE"]
[SourceTitle "CBM 167 Extra"]
[Source "ChessBase"]
[SourceDate "2015.09.14"]
[SourceVersion "1"]
[SourceVersionDate "2015.09.14"]
[SourceQuality "1"]

1. d4 g6 2. c4 Bg7 3. Nc3 d6 4. g3 c5 5. Nf3 Nc6 6. d5 Nd4 7. Nxd4 Bxd4 8. Bg2 h5 9. h4 Nh6 10. Bxh6 Rxh6 11. Qd2 Rh8 12. Rb1 Bg7 13. 0-0 Bf5 14. Be4 Bg4 15. Qc2 Qd7 16. Rfe1 g5 17. f3 Bh3 18. hxg5 h4 19. Qa4 Qxa4 20. Nxa4 hxg3 21. f4 0-0-0 22. Nc3 Rh4 23. e3 Rxf4 24. Bg2 Rh4 25. Ne2 Bxg2 26. Kxg2 Rxc4 27. Rf1 Rc2 28. Rbe1 Bxb2 29. Kxg3 f6 30. Nf4 Be5 31. Kg4 Bxf4 32. exf4 fxg5 33. fxg5 Rg2+ 34. Kf5 Rf8+ 35. Kg6 Rg8+ 36. Kf7 R2xg5 37. Rxe7 R8g7+ 38. Kf6 Rxe7 39. Kxe7 Kc7 0-1

[Event "Heraklion Gazi op 11th"]
[Site "Heraklion"]
[Date "2015.07.26"]
[Round "3"]
[White "Klokas, Konstantinos"]
[Black "Kolomvakis, Stelios"]
[Result "1-0"]
[WhiteElo "2150"]
[BlackElo "1819"]
[PlyCount "51"]
[EventDate "2015.07.25"]
[EventType "swiss"]
[EventRounds "9"]
[EventCountry "GRE"]
[SourceTitle "CBM 167 Extra"]
[Source "ChessBase"]
[SourceDate "2015.09.14"]
[SourceVersion "1"]
[SourceVersionDate "2015.09.14"]
[SourceQuality "1"]

1. e4 g6 2. d4 Bg7 3. c3 d6 4. Be3 Nf6 5. f3 0-0 6. Bd3 e5 7. Ne2 c6 8. Na3 Nbd7 9. Nc4 Qc7 10. dxe5 Nxe5 11. Nxe5 dxe5 12. Qc2 Be6 13. 0-0 b6 14. a4 a5 15. c4 c5 16. Nc3 Nd7 17. Nd5 Bxd5 18. cxd5 Qd6 19. g3 f6 20. Kg2 Kh8 21. h4 h5 22. Rad1 Ra7 23. Rd2 Nb8 24. f4 Na6 25. Qd1 Bh6 26. fxe5 1-0

[Event "Ambelokipi op 153th"]
[Site "Athens"]
[Date "2015.05.13"]
[Round "2"]
[White "Papadimitriou, Loukas"]
[Black "Kolomvakis, Stelios"]
[Result "1-0"]
[WhiteElo "2075"]
[BlackElo "1813"]
[PlyCount "39"]
[EventDate "2015.05.06"]
[EventType "swiss"]
[EventRounds "7"]
[EventCountry "GRE"]
[SourceTitle "EXT 2024"]
[Source "ChessBase"]
[SourceDate "2023.10.10"]
[SourceVersion "1"]
[SourceVersionDate "2023.10.10"]
[SourceQuality "1"]

1. d4 d5 2. c4 e6 3. Nc3 Nf6 4. Bg5 Be7 5. e3 0-0 6. Nf3 Nbd7 7. Qc2 c6 8. 0-0-0 dxc4 9. Bxc4 b5 10. Bd3 Bb7 11. Kb1 Rc8 12. e4 Ne8 13. h4 h6 14. e5 f5 15. exf6 Nexf6 16. Qe2 Kh8 17. Qxe6 c5 18. Bxb5 cxd4 19. Nxd4 Qb6 20. Qxe7 1-0

[Event "Heraklion Gazi op 10th"]
[Site "Heraklion"]
[Date "2014.08.03"]
[Round "6"]
[White "Kolomvakis, Stelios"]
[Black "Karidis, Fotis"]
[Result "1-0"]
[WhiteElo "1844"]
[BlackElo "1444"]
[PlyCount "67"]
[EventDate "2014.07.30"]
[EventType "swiss"]
[EventRounds "9"]
[EventCountry "GRE"]
[SourceTitle "EXT 2016"]
[Source "ChessBase"]
[SourceDate "2015.10.08"]
[SourceVersion "1"]
[SourceVersionDate "2015.10.08"]
[SourceQuality "1"]

1. d4 d5 2. c4 c6 3. Nc3 Nf6 4. Nf3 Bf5 5. Bf4 e6 6. e3 Nbd7 7. cxd5 exd5 8. Bd3 Bg6 9. 0-0 Nb6 10. Rc1 Bd6 11. Bg5 Be7 12. Ne5 Bxd3 13. Qxd3 Nfd7 14. Bxe7 Qxe7 15. f4 f6 16. Ng4 Nc4 17. b3 Nd6 18. b4 f5 19. Ne5 Ne4 20. b5 Nxe5 21. fxe5 0-0 22. bxc6 bxc6 23. Ne2 Qb7 24. Rb1 Qc7 25. Nf4 Qa5 26. Rbc1 Rac8 27. Rc2 Qb5 28. Qa3 Rf7 29. Rfc1 Qb6 30. Nxd5 Qb7 31. e6 Rff8 32. Ne7+ Kh8 33. Nxc8 Rxc8 34. Rxc6 1-0

[Event "Heraklio SOI op 10th"]
[Site "Heraklion"]
[Date "2014.01.04"]
[Round "4"]
[White "Lirindzakis, Timotheos"]
[Black "Kolomvakis, Stelios"]
[Result "1-0"]
[WhiteElo "2264"]
[BlackElo "1834"]
[PlyCount "61"]
[EventDate "2014.01.09"]
[EventType "swiss"]
[EventRounds "7"]
[EventCountry "GRE"]
[SourceTitle "EXT 2024"]
[Source "ChessBase"]
[SourceDate "2023.10.10"]
[SourceVersion "1"]
[SourceVersionDate "2023.10.10"]
[SourceQuality "1"]

1. d4 d5 2. Nf3 Nf6 3. c4 c6 4. Nc3 e6 5. Bg5 Nbd7 6. e3 Bb4 7. cxd5 exd5 8. Bd3 Qa5 9. Qc2 0-0 10. 0-0 Re8 11. Bh4 Bxc3 12. bxc3 Ne4 13. Nd2 Ndf6 14. f3 Nxd2 15. Qxd2 Nd7 16. e4 Nf8 17. e5 Ng6 18. Be1 Ne7 19. Qc2 g6 20. g4 Kg7 21. Bh4 Ng8 22. f4 h6 23. f5 g5 24. Bg3 f6 25. h4 Kf7 26. Rae1 Qa3 27. exf6 Nxf6 28. hxg5 hxg5 29. Rxe8 Nxe8 30. f6 Be6 31. Qh2 1-0

[Event "Heraklion Gazi op 9th"]
[Site "Heraklion"]
[Date "2013.07.31"]
[Round "6"]
[White "Kolomvakis, Stelios"]
[Black "Gamback, Bjorn"]
[Result "0-1"]
[WhiteElo "1821"]
[BlackElo "2140"]
[PlyCount "94"]
[EventDate "2013.07.27"]
[EventType "swiss"]
[EventRounds "9"]
[EventCountry "GRE"]
[SourceTitle "CBM 155 Extra"]
[Source "ChessBase"]
[SourceDate "2013.08.26"]
[SourceVersion "1"]
[SourceVersionDate "2013.08.26"]
[SourceQuality "1"]

1. d4 Nf6 2. Nf3 e6 3. c4 b6 4. g3 Bb7 5. Bg2 c5 6. d5 exd5 7. Ng5 Ne4 8. Nxe4 dxe4 9. Nc3 f5 10. Nd5 Nc6 11. Bf4 d6 12. Qa4 g5 13. Bd2 Bg7 14. 0-0-0 Kf7 15. f3 exf3 16. Bxf3 g4 17. Bg2 Rf8 18. h3 Nd4 19. hxg4 Qe8 20. Qxe8+ Raxe8 21. e3 Ne2+ 22. Kc2 Nxg3 23. Rh3 Ne4 24. Rf1 Kg8 25. gxf5 Bxd5 26. cxd5 Nxd2 27. Kxd2 Bxb2 28. e4 Re7 29. Rfh1 Rg7 30. Bf1 Re8 31. Ke3 Bf6 32. Kf3 Bg5 33. Bb5 Rd8 34. R3h2 h6 35. Bc4 Kf7 36. a4 Kf6 37. Rd1 Ke5 38. Bb3 Bf4 39. Rh3 Rdg8 40. Bc2 Rg2 41. Bd3 Ra2 42. Bb5 a6 43. Bxa6 Rxa4 44. Bd3 c4 45. Bf1 Ra3+ 46. Kf2 Rxh3 47. Bxh3 c3 0-1

[Event "Heraklion op 6th"]
[Site "Heraklion"]
[Date "2010.08.25"]
[Round "5"]
[White "Stefanidi, Maria Anna"]
[Black "Kolomvakis, Stelios"]
[Result "1-0"]
[WhiteElo "2092"]
[BlackElo "1760"]
[PlyCount "97"]
[EventDate "2010.08.22"]
[EventType "swiss"]
[EventRounds "9"]
[EventCountry "GRE"]
[SourceTitle "CBM 138 Extra"]
[Source "ChessBase"]
[SourceDate "2010.10.29"]
[SourceVersion "1"]
[SourceVersionDate "2010.10.29"]
[SourceQuality "1"]

1. e4 c5 2. Nf3 d6 3. d4 cxd4 4. Nxd4 Nf6 5. Nc3 g6 6. Be3 Bg7 7. f3 Nc6 8. Qd2 0-0 9. g4 Nxd4 10. Bxd4 Be6 11. h4 Qa5 12. h5 Rfc8 13. Rd1 Bc4 14. hxg6 hxg6 15. Qh2 Qg5 16. Kf2 Bxf1 17. Kxf1 Rc4 18. Bf2 b5 19. a3 a5 20. Ke2 Qe5 21. Qxe5 dxe5 22. Nxb5 Rxc2+ 23. Rd2 Rxd2+ 24. Kxd2 Rb8 25. a4 Nd7 26. Kc2 Rc8+ 27. Kb3 Nc5+ 28. Bxc5 Rxc5 29. Rd1 Bh6 30. Rd5 Rxd5 31. exd5 f5 32. gxf5 gxf5 33. Kc4 Bd2 34. d6 exd6 35. Nxd6 e4 36. fxe4 f4 37. Kd3 Bc1 38. b3 Ba3 39. Nc4 Bc5 40. Ke2 Kf7 41. Kf3 Bb4 42. Kxf4 Kf6 43. Ke3 Ke6 44. Kd4 Be1 45. Kc5 Bb4+ 46. Kb5 Be1 47. Nxa5 Ke5 48. Nc6+ Kxe4 49. a5 1-0

[Event "GRE-ch U16"]
[Site "Kallithea"]
[Date "2010.06.27"]
[Round "2"]
[White "Ballas, Kleon Evangelos"]
[Black "Kolomvakis, Stelios"]
[Result "1-0"]
[WhiteElo "1913"]
[BlackElo "1749"]
[PlyCount "67"]
[EventDate "2010.06.26"]
[EventType "swiss"]
[EventRounds "9"]
[EventCountry "GRE"]
[SourceTitle "CBM 137 Extra"]
[Source "ChessBase"]
[SourceDate "2010.09.01"]
[SourceVersion "1"]
[SourceVersionDate "2010.09.01"]
[SourceQuality "1"]

1. d4 d5 2. c4 e6 3. Nc3 Nf6 4. cxd5 exd5 5. Bg5 Be7 6. e3 0-0 7. Bd3 h6 8. Bf4 c6 9. h3 b6 10. Nf3 Bb7 11. 0-0 Re8 12. Qc2 Nbd7 13. Ne5 a6 14. Ne2 Nxe5 15. Bxe5 Nd7 16. Bh2 c5 17. Rac1 Rc8 18. Qb1 Nf6 19. Be5 Ne4 20. Rcd1 Bd6 21. Bxe4 dxe4 22. dxc5 Rxe5 23. Rxd6 Qc7 24. Rxb6 Rxc5 25. Rb3 Bd5 26. Rc3 Bc4 27. Rfc1 Qb6 28. Qc2 R8c7 29. Nf4 Qb4 30. Qxe4 Qb5 31. a4 Qxa4 32. b3 Bxb3 33. Qxa4 Rxc3 34. Qe8+ 1-0

[Event "EU School-ch U17"]
[Site "Thessaloniki"]
[Date "2010.04.11"]
[Round "9"]
[White "Tsironis, Alexandros"]
[Black "Kolomvakis, Stelios"]
[Result "0-1"]
[WhiteElo "1764"]
[BlackElo "1749"]
[PlyCount "35"]
[EventDate "2010.04.05"]
[EventType "tourn"]
[EventRounds "9"]
[EventCountry "GRE"]
[SourceTitle "CBM 136 Extra"]
[Source "ChessBase"]
[SourceDate "2010.07.02"]
[SourceVersion "2"]
[SourceVersionDate "2010.07.15"]
[SourceQuality "1"]

1. e4 c5 2. d4 cxd4 3. c3 dxc3 4. Nxc3 Nc6 5. Nf3 d6 6. Bc4 a6 7. 0-0 e6 8. Qe2 Be7 9. Rd1 Qc7 10. Bf4 Nf6 11. e5 dxe5 12. Nxe5 Nxe5 13. Bb5+ axb5 14. Nxb5 Qb6 15. Be3 Qa5 16. Bd2 Qd8 17. Qxe5 0-0 18. Nc7 0-1